| Record ID | marc_records_scriblio_net/part27.dat:57559622:1282 |
| Source | Scriblio |
| Download Link | /show-records/marc_records_scriblio_net/part27.dat:57559622:1282?format=raw |
LEADER: 01282cam 2200325 a 4500
001 98002833
003 DLC
005 20050404143256.0
008 980128s1999 inu b 000 0 eng
010 $a 98002833
020 $a0865972028 (alk. paper)
020 $a0865972036 (pbk. : alk. paper)
040 $aDLC$cDLC$dDLC
043 $an-us---$ae-uk---
050 00 $aE215.5$b.E4 1999
082 00 $a973.3/11$221
245 00 $aEmpire and nation /$cedited by Forrest McDonald.
250 $a2nd ed.
260 $aIndianapolis, IN :$bLiberty Fund,$cc1999.
300 $axvi, 174 p. ;$c24 cm.
505 0 $aLetters from a farmer in Pennsylvania / John Dickinson -- Letters from the Federal farmer / Richard Henry Lee.
504 $aIncludes bibliographical references.
651 0 $aUnited States$xHistory$yRevolution, 1775-1783$xCauses.
651 0 $aGreat Britain$xColonies$zAmerica$xAdministration.
651 0 $aGreat Britain$xColonies$zAmerica$xEconomic policy.
610 10 $aUnited States.$tConstitution.
610 10 $aUnited States.$bConstitutional Convention$d(1787)
700 12 $aDickinson, John,$d1732-1808.$tLetters from a farmer in Pennsylvania to the inhabitants of the British colonies.
700 1 $aLee, Richard Henry,$d1732-1794.
700 1 $aMcDonald, Forrest.